| 000 | 18889nas1a22013691i 4500 | ||
|---|---|---|---|
| 001 | RU\NLR\INFOCOMM22\5000002190 | ||
| 005 | 20260407075358.0 | ||
| 011 | _a0203-1302 | ||
| 035 | _a(NLR Aleph) 002336865 | ||
| 090 |
_a4470679 _c4470679 |
||
| 100 | _a20050215c1970 |||y0rusy50 ca | ||
| 101 | 0 | _arus | |
| 102 | _aRU | ||
| 110 | _aayuzz 0|y| | ||
| 200 | 1 |
_aРыбное хозяйство _iСерия "Обработка рыбы и морепродуктов" _eОбзор. информ. _fЦНИИ информ. и техн.-экон. исслед. рыб. хоз-ва |
|
| 210 |
_aМ. _d1970 - |
||
| 300 | _aВ надзаг. также: М-во рыб. хоз-ва СССР | ||
| 300 | _aС 1978 по 1988 параллельно основному изд. выходило изд. "Для служебного пользования" (гриф снят; номер выпуска содержит [1]) | ||
| 430 | 0 |
_12001#$aОбзорная информация$hСерия 3$iОбработка рыбы и морепродуктов _tОбзорная информация |
|
| 430 | 0 |
_12001#$aОбзорная информация$hСерия 3$iТехнология обработки рыбы и морепродуктов _tОбзорная информация |
|
| 712 | 0 | 2 |
_4570 _aВсесоюзный научно-исследовательский и проектно-конструкторский институт экономики, информации и автоматизированных систем управления рыбным хозяйством _3RU\NLR\AUTH\884223 _9279850 |
| 712 | 0 | 2 |
_4570 _aВсероссийский научно-исследовательский и проектно-конструкторский институт экономики, информации и автоматизированных систем управления рыбного хозяйства _3RU\NLR\AUTH\884224 _9279852 |
| 801 | 1 |
_aRU _bInfoComm _c20050215 |
|
| 801 | 0 |
_aRU _bNLR _gPSBO |
|
| 852 |
_aNLR _jП13/1212 |
||
| 942 | _cJOURNAL | ||
| 980 | _aRUSPER | ||